LEADER 01505namaa2200313 a 4500 001 000000176786 003 CaOOAMICUS 005 20240419123859.0 008 240419s2024 it u000 u ita r 020 $a978-88-08-82077-8* 032 $aLibriCat 040 $aPUL$bita 082 10$a346.4506 100 1 $aPetrazzini, Barbara.$0(OLS)http://pul/name/113638 245 10$aDella società in nome collettivo :$bart. 2291-2312 /$cBarbara Petrazzini. 260 $aBologna :$bZanichelli,$c2024. 300 $aXX, 260 pagine ;$c25 cm 490 1 $aCommentario del Codice civile e codici collegati Scialoja-Branca.$aLibro quinto.$aDel lavoro ;$vArt. 2291-2312 504 $aContiene riferimenti bibliografici e indice. 650 4$aSocietà a responsabilità limitata$xDiritto.$0(OLS)http://pul/subject/35289 830 0$aCommentario del codice civile e codici collegati Scialoja-Branca-Galgano.$nLibro quinto.$pDel lavoro ;$vArt. 2291-2312.$0(OLS)http://pul/title/171282 850 $aPUL 852 $aPUL$W1$xSL Diritto e Scienze Sociali 3$y79$m346. 45 COLL 7.2291$j200797$qDDC 21$B205749$CPULBib$Z2$F205749 $H136955 $82 941 1 $a9 996 $6020$a978-88-08-82077-8*$9(OLS)http://pul/number/169672 996 $6082$a346.4506$9(OLS)http://pul/classification/679 996 $6245$aDella società in nome collettivo :$bart. 2291-2312$9(OLS)http://pul/title/218272 996 $6260$aBologna :$bZanichelli$9(OLS)http://pul/publisher/48255 LEADER 01490nam a2200301 a 4500 001 000000144229 003 CaOOAMICUS 005 20150622110718.0 008 150622s2005 it u000 u ita r 020 $a88-8243-131-2 040 $aPUL$bita 100 1 $aCogoni, Daniele,$csacerdote,$d1971-$0(OLS)http://pul/name/53964 245 10$aEucaristia totale :$becclesiologia eucaristica e prospettive ecumeniche nella teologia ortodossa /$cDaniele Cogoni. 260 $aSan Cataldo (Caltanissetta) :$bCentro Studi Cammarata ;$aCaltanissetta :$bEdizioni Lussografica,$c2005. 300 $a233 p. ;$c21 cm 490 1 $aSintesi e proposte ;$v41 504 $aBibliografia in nota. 650 4$aEcclesiologia$ySec. XX.$0(OLS)http://pul/subject/18902 650 4$aTeologia ortodossa$xSacramenti.$0(OLS)http://pul/subject/40803 830 0$aSintesi e proposte ;$v41.$0(OLS)http://pul/title/57958 850 $aPUL 852 $aPUL$W1$xDP1 Fondo S. Lanza$y121$m3 D 72$j166291$qFondi$B166874$CPULBib$Z2$F166874 $HCap855 $82 941 1 $a1 996 $6020$a88-8243-131-2$9(OLS)http://pul/number/157990 996 $6245$aEucaristia totale :$becclesiologia eucaristica e prospettive ecumeniche nella teologia ortodossa$9(OLS)http://pul/title/182490 996 $6260$aSan Cataldo (Caltanissetta) :$bCentro Studi Cammarata$9(OLS)http://pul/publisher/65091 996 $6260$aCaltanissetta :$bEdizioni Lussografica$9(OLS)http://pul/publisher/81340